000 00326nam a22001457a 4500
003 CEME
005 20210628210412.0
008 210204b xxu||||| |||| 00| 0 eng d
040 _c.
082 _a355.02 STR
100 _aKeran Aram Strong
_979244
245 _aMuqadas jung, holy war
260 _c2004
942 _cBK
_2ddc
999 _c584296
_d584296